[Event "CZE-chT1W 1415"]
[Site "Czech Republic"]
[Date "2015.03.01"]
[Round "9.3"]
[White "Kraus, Tomas"]
[Black "Tupy, Martin"]
[Result "1-0"]
[WhiteElo "2405"]
[BlackElo "2279"]
[PlyCount "79"]
[EventDate "2014.10.19"]
[EventType "team-tourn"]
[EventRounds "11"]
[EventCountry "CZE"]
[SourceTitle "EXT 2016"]
[Source "ChessBase"]
[SourceDate "2015.10.08"]
[SourceVersion "1"]
[SourceVersionDate "2015.10.08"]
[SourceQuality "1"]
[WhiteTeam "Jicin"]
[BlackTeam "Ceske Budejovice"]
[WhiteTeamCountry "CZE"]
[BlackTeamCountry "CZE"]

1. e4 c5 2. c4 Nc6 3. Ne2 Nf6 4. Nbc3 g6 5. d4 cxd4 6. Nxd4 Bg7 7. Be3 Ng4 8. Qxg4 Nxd4 9. Qd1 Ne6 10. Rc1 0-0 11. Bd3 b6 12. 0-0 Bb7 13. b4 d6 14. f4 f5 15. exf5 gxf5 16. Ne2 Qe8 17. Ng3 Qg6 18. Be2 Kh8 19. Bh5 Qf6 20. Bf3 Bxf3 21. Qxf3 Bh6 22. Rfd1 Rac8 23. Rd5 Qg6 24. Ne2 Bg7 25. Rd3 Rc7 26. Qd5 Rfc8 27. Ng3 Rf8 28. a4 Bh6 29. Ne2 Rg8 30. g3 Bg7 31. a5 bxa5 32. Qxa5 Rgc8 33. Qd5 Rb8 34. Nc3 Rcc8 35. Rb1 Nc7 36. Qf3 a6 37. Na4 e5 38. Qd1 Ne8 39. Nb6 Rc6 40. c5 1-0

[Event "CZE-chT1W 1415"]
[Site "Czech Republic"]
[Date "2015.01.18"]
[Round "6.2"]
[White "Stockova, Zuzana"]
[Black "Tupy, Martin"]
[Result "1-0"]
[WhiteElo "2378"]
[BlackElo "2279"]
[PlyCount "55"]
[EventDate "2014.10.19"]
[EventType "team-tourn"]
[EventRounds "11"]
[EventCountry "CZE"]
[SourceTitle "EXT 2016"]
[Source "ChessBase"]
[SourceDate "2015.10.08"]
[SourceVersion "1"]
[SourceVersionDate "2015.10.08"]
[SourceQuality "1"]
[WhiteTeam "Karlovy Vary"]
[BlackTeam "Ceske Budejovice"]
[WhiteTeamCountry "CZE"]
[BlackTeamCountry "CZE"]

1. e4 c5 2. Nf3 d6 3. d4 cxd4 4. Nxd4 Nf6 5. Nc3 g6 6. Be3 Bg7 7. f3 0-0 8. Qd2 Nc6 9. Bc4 Bd7 10. 0-0-0 Rc8 11. Bb3 Ne5 12. h4 h5 13. Kb1 Nc4 14. Bxc4 Rxc4 15. Nde2 b5 16. Bh6 Qa5 17. g4 Rfc8 18. Bxg7 Kxg7 19. e5 dxe5 20. g5 Bf5 21. gxf6+ exf6 22. Ng3 Be6 23. Nxh5+ gxh5 24. Rhg1+ Kh7 25. Qg2 Bg4 26. fxg4 hxg4 27. Qe2 b4 28. Nd5 1-0

[Event "CZE-chT1W 1314"]
[Site "Czech Republic"]
[Date "2014.01.26"]
[Round "6.4"]
[White "Tupy, Martin"]
[Black "Zvara, Petr"]
[Result "1-0"]
[WhiteElo "2279"]
[BlackElo "2403"]
[PlyCount "120"]
[EventDate "2013.10.20"]
[EventType "team-tourn"]
[EventRounds "11"]
[EventCountry "CZE"]
[SourceTitle "EXT 2015"]
[Source "ChessBase"]
[SourceDate "2014.11.20"]
[SourceVersion "1"]
[SourceVersionDate "2014.11.20"]
[SourceQuality "1"]
[WhiteTeam "Ceske Budejovice"]
[BlackTeam "Praha Bohemians"]
[WhiteTeamCountry "CZE"]
[BlackTeamCountry "CZE"]

1. d4 Nf6 2. c4 g6 3. Nc3 Bg7 4. e4 d6 5. h3 0-0 6. Bg5 Qe8 7. Nge2 e5 8. d5 a5 9. g4 Na6 10. Ng3 Nc5 11. Qf3 Nfd7 12. Nb5 Na6 13. Rg1 f6 14. Bd2 b6 15. h4 Qe7 16. h5 Bb7 17. 0-0-0 Rf7 18. Be2 Kf8 19. Qg2 Ke8 20. Qh3 Nf8 21. Be3 Kd8 22. Kb1 Bc8 23. f4 exf4 24. Bxf4 Bd7 25. Nd4 Nc5 26. Qg2 Kc8 27. Bf3 a4 28. Nge2 a3 29. b3 Kb7 30. Nc3 Re8 31. Bc1 f5 32. hxg6 Nxg6 33. gxf5 Nh4 34. Qf2 Nxf3 35. Qxf3 Nxe4 36. Nxe4 Qxe4+ 37. Qxe4 Rxe4 38. Ne6 Bf6 39. Bxa3 h5 40. Rde1 Rxe1+ 41. Rxe1 Rh7 42. Bb2 Rh6 43. Bxf6 Rxf6 44. Rf1 h4 45. Kc2 b5 46. Kd3 bxc4+ 47. bxc4 h3 48. Ke4 Ba4 49. Rf2 Rh6 50. Rh2 Rh4+ 51. Nf4 Bc2+ 52. Rxc2 h2 53. Rxh2 Rxh2 54. f6 Rh7 55. Kf5 Kb6 56. Kg6 Rh8 57. Kg7 Ra8 58. f7 Kc5 59. f8Q Rxf8 60. Kxf8 Kxc4 1-0

[Event "CZE-chT1W 1112"]
[Site "Czech Republic"]
[Date "2012.02.26"]
[Round "9.4"]
[White "Erneker, Josef"]
[Black "Tupy, Martin"]
[Result "1/2-1/2"]
[WhiteElo "2251"]
[BlackElo "2264"]
[PlyCount "36"]
[EventDate "2011.10.02"]
[EventType "team-tourn"]
[EventRounds "11"]
[EventCountry "CZE"]
[SourceTitle "EXT 2013"]
[Source "ChessBase"]
[SourceDate "2012.11.22"]
[SourceVersion "1"]
[SourceVersionDate "2012.11.22"]
[SourceQuality "1"]
[WhiteTeam "Praha Oaza"]
[BlackTeam "Pankrac"]
[WhiteTeamCountry "CZE"]
[BlackTeamCountry "CZE"]

1. e4 c5 2. c3 d5 3. exd5 Qxd5 4. d4 Nf6 5. Nf3 Nc6 6. Be3 cxd4 7. cxd4 e6 8. Nc3 Qd8 9. Ne5 Be7 10. Nxc6 bxc6 11. Bd3 0-0 12. Qc2 Qa5 13. 0-0 Ba6 14. Bxa6 Qxa6 15. Rfc1 Rac8 16. Ne4 Nxe4 17. Qxe4 Rfd8 18. g3 Rd5 1/2-1/2

[Event "CZE-chT2A 1112"]
[Site "Czech Republic"]
[Date "2012.02.05"]
[Round "7.1"]
[White "Tupy, Martin"]
[Black "Korostenski, Frantisek"]
[Result "1-0"]
[WhiteElo "2264"]
[BlackElo "2183"]
[PlyCount "91"]
[EventDate "2011.10.09"]
[EventType "team-tourn"]
[EventRounds "11"]
[EventCountry "CZE"]
[SourceTitle "EXT 2013"]
[Source "ChessBase"]
[SourceDate "2012.11.22"]
[SourceVersion "1"]
[SourceVersionDate "2012.11.22"]
[SourceQuality "1"]
[WhiteTeam "Ceske Budejovice"]
[BlackTeam "Cesky Krumlov"]
[WhiteTeamCountry "CZE"]
[BlackTeamCountry "CZE"]

1. d4 Nf6 2. Nf3 e6 3. c4 Bb4+ 4. Nc3 0-0 5. Bg5 d5 6. e3 Nbd7 7. cxd5 exd5 8. Bd3 c6 9. Qc2 h6 10. Bh4 Re8 11. g4 Qa5 12. g5 hxg5 13. Nxg5 Ne4 14. Ngxe4 dxe4 15. Bxe4 Qh5 16. Bg3 Nf6 17. Bg2 Bf5 18. Qb3 a5 19. 0-0 Qg6 20. Rac1 Be6 21. Qd1 Bc4 22. Re1 Nd5 23. e4 Nxc3 24. bxc3 Ba3 25. Rc2 Qe6 26. f4 f5 27. Bh3 Bxa2 28. d5 cxd5 29. Rxa2 Bc5+ 30. Bf2 Bxf2+ 31. Rxf2 dxe4 32. Qh5 Rf8 33. Rg2 Rf6 34. Kh1 Re8 35. Rg5 Ref8 36. Reg1 R8f7 37. Qe2 a4 38. Qb5 a3 39. Bf1 Rc7 40. Qa5 b6 41. Qxa3 e3 42. Qa8+ Rf8 43. Qf3 Re8 44. Bb5 Ree7 45. c4 Ra7 46. Qd5 1-0

[Event "CZE-chT2A 1112"]
[Site "Czech Republic"]
[Date "2012.01.22"]
[Round "6"]
[White "Tupy, Martin"]
[Black "Palek, Miroslav"]
[Result "1/2-1/2"]
[WhiteElo "2264"]
[BlackElo "2259"]
[PlyCount "81"]
[EventDate "2011.10.09"]
[EventType "team-tourn"]
[EventRounds "11"]
[EventCountry "CZE"]
[SourceTitle "EXT 2013"]
[Source "ChessBase"]
[SourceDate "2012.11.22"]
[SourceVersion "1"]
[SourceVersionDate "2012.11.22"]
[SourceQuality "1"]
[WhiteTeam "Ceske Budejovice"]
[BlackTeam "Plzen Sokol"]
[WhiteTeamCountry "CZE"]
[BlackTeamCountry "CZE"]

1. d4 Nf6 2. c4 e6 3. Nc3 Bb4 4. Nf3 b6 5. Bg5 h6 6. Bh4 g5 7. Bg3 Ne4 8. Qc2 f5 9. e3 Bb7 10. Bd3 Bxc3+ 11. bxc3 d6 12. a4 a5 13. Qb3 Nd7 14. c5 Bd5 15. c4 Nxg3 16. hxg3 Bxf3 17. gxf3 dxc5 18. Rd1 Qe7 19. d5 0-0-0 20. f4 Rdf8 21. Be2 e5 22. fxe5 Qxe5 23. d6 f4 24. Qb5 Nb8 25. Bg4+ Kb7 26. dxc7 Kxc7 27. Rd7+ Nxd7 28. Qxd7+ Kb8 29. Bf3 Qc7 30. Qd5 Ka7 31. gxf4 gxf4 32. Rg1 fxe3 33. fxe3 Rd8 34. Qc6 Qe7 35. Rg6 Qxe3+ 36. Kf1 Rd1+ 37. Kg2 Qd2+ 38. Kg3 Qe1+ 39. Kh3 Qf1+ 40. Kg3 Qe1+ 41. Kh3 1/2-1/2

[Event "CZE-chT1W 1011"]
[Site "Czech Republic"]
[Date "2011.03.20"]
[Round "10.4"]
[White "Kucera, Petr"]
[Black "Tupy, Martin"]
[Result "1-0"]
[WhiteElo "2374"]
[BlackElo "2273"]
[PlyCount "81"]
[EventDate "2010.10.10"]
[EventType "team-tourn"]
[EventRounds "11"]
[EventCountry "CZE"]
[SourceTitle "EXT 2012"]
[Source "ChessBase"]
[SourceDate "2011.11.24"]
[SourceVersion "1"]
[SourceVersionDate "2011.11.24"]
[SourceQuality "1"]
[WhiteTeam "Novoborsky II"]
[BlackTeam "Ceske Budejovice"]
[WhiteTeamCountry "CZE"]
[BlackTeamCountry "CZE"]

1. d4 Nf6 2. c4 g6 3. Nc3 Bg7 4. e4 d6 5. f3 0-0 6. Be3 Nbd7 7. Bd3 a6 8. Nge2 c5 9. 0-0 b6 10. Rc1 e6 11. Qd2 Bb7 12. Rfd1 Qe7 13. Bh6 Rfd8 14. Bxg7 Kxg7 15. Qe3 cxd4 16. Nxd4 Rab8 17. Bf1 Ba8 18. Rd2 Ne5 19. h3 Qc7 20. b3 Re8 21. Rcd1 Rbc8 22. f4 Ned7 23. Nf3 Nc5 24. Rxd6 Bxe4 25. Nxe4 Nfxe4 26. R6d4 Ng3 27. Qc3 Kg8 28. Ne5 Nf5 29. Ng4 Qe7 30. b4 Nxd4 31. Qxd4 e5 32. fxe5 Red8 33. Nf6+ Kg7 34. Nd5 Qe6 35. bxc5 bxc5 36. Qf4 Rb8 37. Be2 h5 38. Qg3 Rh8 39. Nf4 Qe8 40. Nxh5+ Kf8 41. Nf6 1-0

[Event "CZE-chT1W 0910"]
[Site "Czech Republic"]
[Date "2010.01.24"]
[Round "7.4"]
[White "Tupy, Martin"]
[Black "Rehorek, Martin"]
[Result "1/2-1/2"]
[WhiteElo "2259"]
[BlackElo "2342"]
[PlyCount "75"]
[EventDate "2009.10.11"]
[EventType "team-tourn"]
[EventRounds "11"]
[EventCountry "CZE"]
[SourceTitle "EXT 2011"]
[Source "ChessBase"]
[SourceDate "2010.11.26"]
[SourceVersion "1"]
[SourceVersionDate "2010.11.26"]
[SourceQuality "1"]
[WhiteTeam "Ceske Budejovice"]
[BlackTeam "Postovni sporitelna"]
[WhiteTeamCountry "CZE"]
[BlackTeamCountry "CZE"]

1. d4 Nf6 2. c4 e6 3. Nf3 Bb4+ 4. Nbd2 d5 5. g3 0-0 6. Bg2 dxc4 7. Qc2 a5 8. 0-0 b5 9. a4 c6 10. Ne5 Ra6 11. Rd1 Nd5 12. Ndf3 Be7 13. h4 Nd7 14. b3 Nxe5 15. Nxe5 f6 16. Nf3 cxb3 17. Qxb3 bxa4 18. Rxa4 Nb6 19. Ra1 a4 20. Qc2 Bd7 21. e4 Qe8 22. Bf1 Ra8 23. Be3 Qh5 24. d5 exd5 25. Bxb6 Qxf3 26. exd5 Qb3 27. Qe4 Qxb6 28. Bd3 g6 29. Bc4 Kh8 30. Qxe7 Bg4 31. Rab1 Qa7 32. Re1 Qxe7 33. Rxe7 Rfe8 34. Rf7 cxd5 35. Bxd5 Rab8 36. Rc1 Rbc8 37. Rb1 Red8 38. Rbb7 1/2-1/2

[Event "CZE-chT1W 0910"]
[Site "Czech Republic"]
[Date "2009.11.15"]
[Round "3.4"]
[White "Kubecka, David"]
[Black "Tupy, Martin"]
[Result "1/2-1/2"]
[WhiteElo "2270"]
[BlackElo "2259"]
[PlyCount "86"]
[EventDate "2009.10.11"]
[EventType "team-tourn"]
[EventRounds "11"]
[EventCountry "CZE"]
[SourceTitle "EXT 2011"]
[Source "ChessBase"]
[SourceDate "2010.11.26"]
[SourceVersion "1"]
[SourceVersionDate "2010.11.26"]
[SourceQuality "1"]
[WhiteTeam "Vrsovice"]
[BlackTeam "Ceske Budejovice"]
[WhiteTeamCountry "CZE"]
[BlackTeamCountry "CZE"]

1. c4 g6 2. g3 Bg7 3. Bg2 e5 4. Nc3 d6 5. e3 c6 6. d4 Ne7 7. dxe5 Bxe5 8. Nf3 Bg4 9. Qc2 Nd7 10. 0-0 Bg7 11. h3 Bxf3 12. Bxf3 0-0 13. Bg2 Nf5 14. Rd1 Qe7 15. Ne2 Rfe8 16. Rb1 Nc5 17. b3 Rad8 18. Kh2 h5 19. Bb2 Be5 20. Nd4 Ng7 21. Kg1 h4 22. g4 Nge6 23. Rd2 Bg7 24. Nxe6 Qxe6 25. Bxg7 Kxg7 26. Rbd1 Qe5 27. Rd4 Ne6 28. R4d3 Nc5 29. R3d2 Re6 30. Rd4 Re7 31. Qd2 Red7 32. f4 Qe7 33. Qc3 Kg8 34. g5 Re8 35. Kf2 d5 36. cxd5 cxd5 37. Rxd5 Rxd5 38. Rxd5 Ne4+ 39. Bxe4 Qxe4 40. Rd1 Qe6 41. Qe5 Qc8 42. Rc1 Qd7 43. Rd1 Qc8 1/2-1/2

[Event "CZE-chT1W 0910"]
[Site "Czech Republic"]
[Date "2009.11.01"]
[Round "2.4"]
[White "Tupy, Martin"]
[Black "Freisler, Pavel"]
[Result "1-0"]
[WhiteElo "2259"]
[BlackElo "2312"]
[PlyCount "99"]
[EventDate "2009.10.11"]
[EventType "team-tourn"]
[EventRounds "11"]
[EventCountry "CZE"]
[SourceTitle "EXT 2011"]
[Source "ChessBase"]
[SourceDate "2010.11.26"]
[SourceVersion "1"]
[SourceVersionDate "2010.11.26"]
[SourceQuality "1"]
[WhiteTeam "Ceske Budejovice"]
[BlackTeam "Holdia"]
[WhiteTeamCountry "CZE"]
[BlackTeamCountry "CZE"]

1. d4 Nf6 2. c4 e6 3. Nc3 d5 4. cxd5 exd5 5. Bg5 Be7 6. e3 c6 7. Bd3 0-0 8. Qc2 Nbd7 9. Nge2 Re8 10. h3 Ne4 11. Bf4 Ndf6 12. g4 h6 13. Ng3 Bb4 14. a3 Bxc3+ 15. bxc3 Qa5 16. 0-0 c5 17. Be5 Nxg3 18. fxg3 c4 19. Be2 Ne4 20. Bf3 f6 21. Bxe4 dxe4 22. Rxf6 Rxe5 23. dxe5 gxf6 24. exf6 Qe5 25. f7+ Kf8 26. Kg2 Be6 27. Rd1 Bd5 28. Qa4 Rd8 29. Qa5 Rd7 30. Qxa7 Kxf7 31. Qc5 Qd6 32. Qd4 Kg8 33. h4 Qe6 34. Qc5 Bc6 35. Rf1 Rf7 36. Rf5 Rxf5 37. gxf5 Qd5 38. Qxd5+ Bxd5 39. g4 Kf7 40. Kg3 b5 41. Kf4 Kf6 42. g5+ hxg5+ 43. hxg5+ Kf7 44. Ke5 Bb7 45. g6+ Kg7 46. f6+ Kxg6 47. Ke6 Bc6 48. f7 Bd5+ 49. Kxd5 Kxf7 50. Kc5 1-0

[Event "CZE-chT2A 0809"]
[Site "Czech Republic"]
[Date "2009.02.22"]
[Round "9.3"]
[White "Tupy, Martin"]
[Black "Jaros, Martin"]
[Result "0-1"]
[WhiteElo "2239"]
[BlackElo "2203"]
[PlyCount "80"]
[EventDate "2008.10.12"]
[EventType "team-tourn"]
[EventRounds "11"]
[EventCountry "CZE"]
[SourceTitle "EXT 2010"]
[Source "ChessBase"]
[SourceDate "2010.11.25"]
[SourceVersion "1"]
[SourceVersionDate "2010.11.25"]
[SourceQuality "1"]
[WhiteTeam "Ceske Budejovice"]
[BlackTeam "Plzen Sokol II"]
[WhiteTeamCountry "CZE"]
[BlackTeamCountry "CZE"]

1. d4 Nf6 2. c4 g6 3. Nc3 Bg7 4. e4 0-0 5. Bg5 h6 6. Be3 d6 7. h3 e5 8. d5 a5 9. Qd2 Kh7 10. g4 c6 11. Nge2 b5 12. cxb5 cxd5 13. exd5 Nbd7 14. Bg2 Nc5 15. Ng3 Rb8 16. 0-0 Bd7 17. Qe2 a4 18. Rfd1 Qa5 19. Bf1 Rfc8 20. Rab1 Ne8 21. Qf3 Kg8 22. Be2 Nc7 23. Bxc5 dxc5 24. Nge4 Ne8 25. d6 Qd8 26. Nxa4 c4 27. Nac3 f5 28. gxf5 gxf5 29. Ng3 Qg5 30. Qh5 Qf6 31. a4 Nxd6 32. Nd5 Qe6 33. Qh4 Rc5 34. Nc3 Kh7 35. Rbc1 Bf6 36. Qh5 e4 37. Rxd6 Qxd6 38. Qf7+ Kh8 39. Rd1 Bd4 40. Bxc4 Qxg3+ 0-1

[Event "CZE-chT2A 0809"]
[Site "Czech Republic"]
[Date "2009.02.08"]
[Round "8.4"]
[White "Tupy, Martin"]
[Black "Soukal, Rudolf"]
[Result "0-1"]
[WhiteElo "2239"]
[BlackElo "2108"]
[PlyCount "96"]
[EventDate "2008.10.12"]
[EventType "team-tourn"]
[EventRounds "11"]
[EventCountry "CZE"]
[SourceTitle "EXT 2010"]
[Source "ChessBase"]
[SourceDate "2010.11.25"]
[SourceVersion "1"]
[SourceVersionDate "2010.11.25"]
[SourceQuality "1"]
[WhiteTeam "Ceske Budejovice"]
[BlackTeam "Praha Dukla"]
[WhiteTeamCountry "CZE"]
[BlackTeamCountry "CZE"]

1. d4 d5 2. c4 e6 3. Nc3 Nf6 4. cxd5 exd5 5. Bg5 Be7 6. e3 0-0 7. Bd3 c6 8. Qc2 h6 9. Bf4 Re8 10. Nf3 b6 11. h3 c5 12. Ne5 Bb7 13. Bb5 Rf8 14. 0-0 a6 15. Be2 cxd4 16. exd4 Nc6 17. Rad1 Rc8 18. Qf5 Bd6 19. Rfe1 Rc7 20. Bf3 Ne7 21. Qc2 b5 22. Qb3 b4 23. Ne2 Ne4 24. Nd3 a5 25. Qa4 Qd7 26. Qxd7 Rxd7 27. Rc1 Rc8 28. Bxd6 Rxd6 29. Rxc8+ Bxc8 30. Ng3 Kf8 31. Nxe4 dxe4 32. Bxe4 Rxd4 33. Nf4 f5 34. Bb7 Rxf4 35. Bxc8 Nxc8 36. Re5 Ne7 37. Rxa5 Rd4 38. a3 Rd1+ 39. Kh2 Rd2 40. axb4 Rxb2 41. b5 Rxf2 42. Kg3 Rb2 43. Kf4 Rxg2 44. Ke5 Kf7 45. Kd6 Rd2+ 46. Kc7 Nd5+ 47. Kd6 Kf6 48. Kc5 Ke5 0-1

[Event "Tabor op"]
[Site "Tabor"]
[Date "2007.08.01"]
[Round "5"]
[White "Vavra, Pavel1111"]
[Black "Tupy, Martin"]
[Result "1/2-1/2"]
[WhiteElo "2155"]
[BlackElo "2253"]
[PlyCount "32"]
[EventDate "2007.07.29"]
[EventType "swiss"]
[EventRounds "9"]
[EventCountry "CZE"]
[SourceTitle "EXT 2009"]
[Source "ChessBase"]
[SourceDate "2008.11.26"]
[SourceVersion "1"]
[SourceVersionDate "2008.11.26"]
[SourceQuality "1"]

1. Nf3 g6 2. c4 Bg7 3. d4 Nf6 4. Nc3 0-0 5. Bg5 h6 6. Bh4 c5 7. e3 d6 8. h3 cxd4 9. exd4 Nc6 10. Be2 Bf5 11. 0-0 Re8 12. d5 Ne5 13. Nxe5 dxe5 14. Re1 Qb6 15. Qb3 Qc7 16. Rad1 Nd7 1/2-1/2

[Event "CZE-chT2a 0607"]
[Site "Czech Republic"]
[Date "2006.12.03"]
[Round "4.1"]
[White "Tupy, Martin"]
[Black "Borkovec, Milan"]
[Result "1-0"]
[WhiteElo "2263"]
[BlackElo "2266"]
[PlyCount "69"]
[EventDate "2006.10.15"]
[EventType "team"]
[EventRounds "11"]
[EventCountry "CZE"]
[SourceTitle "EXT 2009"]
[Source "ChessBase"]
[SourceDate "2008.11.26"]
[SourceVersion "1"]
[SourceVersionDate "2008.11.26"]
[SourceQuality "1"]
[WhiteTeam "Ceske Budejovice"]
[BlackTeam "Tabor"]
[WhiteTeamCountry "CZE"]
[BlackTeamCountry "CZE"]

1. d4 Nf6 2. c4 c5 3. d5 e6 4. Nc3 exd5 5. cxd5 d6 6. e4 g6 7. Nf3 Bg7 8. Bd3 0-0 9. 0-0 Bg4 10. h3 Bxf3 11. Qxf3 a6 12. a4 Nbd7 13. Qe2 Re8 14. Bg5 Qc7 15. Rad1 Rac8 16. Kh1 c4 17. Bb1 Qa5 18. f4 b5 19. e5 b4 20. Ne4 Nxe4 21. Bxe4 dxe5 22. f5 c3 23. Qg4 Nc5 24. fxg6 hxg6 25. d6 Nxe4 26. d7 f5 27. Qh4 c2 28. dxe8Q+ Rxe8 29. Rd7 Qxa4 30. Rc7 Qb5 31. Re1 b3 32. Bh6 Bf6 33. Bg5 Nxg5 34. Qh6 Re7 35. Qxg6+ 1-0

[Event "CZE-chT2a 0607"]
[Site "Czech Republic"]
[Date "2006.11.05"]
[Round "2.1"]
[White "Tupy, Martin"]
[Black "Fiala, Robert"]
[Result "0-1"]
[WhiteElo "2263"]
[BlackElo "2340"]
[PlyCount "44"]
[EventDate "2006.10.15"]
[EventType "team"]
[EventRounds "11"]
[EventCountry "CZE"]
[SourceTitle "EXT 2009"]
[Source "ChessBase"]
[SourceDate "2008.11.26"]
[SourceVersion "1"]
[SourceVersionDate "2008.11.26"]
[SourceQuality "1"]
[WhiteTeam "Ceske Budejovice"]
[BlackTeam "Plzen Letna"]
[WhiteTeamCountry "CZE"]
[BlackTeamCountry "CZE"]

1. d4 Nf6 2. c4 e6 3. Nc3 Bb4 4. e3 0-0 5. Bd3 d5 6. Nge2 c5 7. 0-0 cxd4 8. exd4 dxc4 9. Bxc4 Nbd7 10. a3 Be7 11. Qd3 Nb6 12. Bb3 Bd7 13. Bc2 Bc6 14. Bf4 Nbd5 15. Be5 Nxc3 16. Nxc3 g6 17. Rfe1 Nd7 18. Bf4 Nb6 19. Ne4 Rc8 20. Rad1 Nc4 21. Bc1 Bb5 22. Nc3 Nxb2 0-1